000 00340nam a2200133Ia 4500
008 190722s9999 xx 000 0 und d
020 _a978-1-319-10824-3
100 _aDavid L.Nelson
245 0 _aLehninger Principles of Biochemistry
250 _a7th
260 _aUSA
_bMacmillan Learning
_c2017
300 _a1172 Index
942 _cBK
999 _c1186
_d1186